000 00440nam a2200169 i 4500
001 57806
003 ES-MaACL
005 20230906163644.0
007 t|
008 031017s1973 sp ||||1| spa d
100 1 _aDonahue, Jackson.
_945279
245 1 3 _aEl confeso /
_cJackson Donahue.
250 _a[1ยช ed.].
260 _aBarcelona :
_bLuis de Caralt,
_c[1973]
300 _a309 p. ;
_c20 cm.
852 _aES-MaACL
_jC-56035
_bR.88522
999 _c57806
_d57806